000 00383nam a22001457a 4500
005 20251108173243.0
008 250721s9999 xx 000 0 ara d
082 1 4 _aط/ق/سيغ
100 1 _aخشفة، محمد نديم
245 1 0 _aفتيات مثاليات /
264 1 _aدمشق :
_bدار ربيع للنشر،
300 _a191ص.
942 _2ddc
_cBK
999 _c99618
_d99618